Szczegóły MARC21

Niedostosowanie społeczne dzieci i młodzieży : wybrane problemy /

003 -Nazwa inst., której nr kontr. jest w polu 001 [,]
    • @
    • Nazwa instytucji, której n kontrolny jest w polu 001
    • NUKAT
005 -DATA I CZAS OSTATNIEJ MODYFIKACJI [,]
    • @
    • pole kontrolne
    • 20241231111806.0
020 -Międzynarod. znormalizowany nr książki - ISBN [ , ]
    • a
    • Numer ISBN
    • 8385010882 Find
040 -Instytucja sporządzająca opis [ , ]
    • a
    • Instytucja, która sporządziła opis (NP)
    • KAT U/30WZ
    • c
    • Instytucja, która sporządziła rekord (NP)
    • KAT U/30WZ
    • d
    • Instytucja, która zmodyfikowała rekord (P)
    • KAT U/30MS
942 -Rodzaj dokumentu [ , ]
    • c
    • Rodzaj dokumentu
    • Książka
100 -Hasło główne - nazwa osobowa [1, ]
    • a
    • Nazwa osobowa (NP)
    • Cichowicz, Jan.
    • 9
    • KHW
    • 710849
245 -Strefa tytułu i oznaczenia odpowiedzialności [1,0]
    • a
    • Tytuł
    • Niedostosowanie społeczne dzieci i młodzieży : Find
    • b
    • Ciąg dalszy tytułu (NP)
    • wybrane problemy / Find
    • c
    • Pozostałe elementy strefy tytułu i oznaczenia odpowiedzialności (NP)
    • Jan Cichowicz.
260 -Strefa adresu wydawniczego [ , ]
    • a
    • Miejsce wydania (P)
    • Olsztyn :
    • b
    • Nazwa wydawcy (P)
    • Wyższa Szkoła Pedagogiczna,
    • c
    • Data wydania (P)
    • 1992.
300 -Strefa opisu fizycznego [ , ]
    • a
    • Określenie formy książki i/lub objętość (NP)
    • 109, [1] s. ;
    • c
    • Format (NP)
    • 24 cm.
336 -Typ zawartości [ , ]
    • a
    • Termin opisujący typ zawartości
    • Tekst
    • b
    • Kod określający zawartość
    • txt
    • 2
    • Źródło (terminu i kodu)
    • rdacontent
337 -Typ mediów [ , ]
    • a
    • Tryb odtwarzania
    • Bez urządzenia pośredniczącego
    • b
    • Kod typu mediów
    • n
    • 2
    • Źródło (terminu i kodu)
    • rdamedia
338 -Typ/rodzaj nośnika [ , ]
    • a
    • Hasło opisujące typ nośnika
    • Wolumin
    • b
    • Kod typu nośnika
    • nc
    • 2
    • Źródło (terminu i kodu)
    • rdacarrier
490 -Strefa serii i książki wielotomowej - forma nie do wyszukiwania [1, ]
    • a
    • Tytuł (P)
    • Studia i Materiały / Wyższa Szkoła Pedagogiczna w Olsztynie. Pedagogika Find
830 -Hasło dodatkowe serii i opisu książki wielotomowej - tytuł ujednolicony/tytuł [ ,0]
    • a
    • Tytuł ujednolicony/tytuł (NP)
    • Studia i Materiały - Wyższa Szkoła Pedagogiczna w Olsztynie.
    • p
    • Nazwa części/podserii/sekcji (P)
    • Pedagogika
    • 9
    • KHW
    • 481384
830 -Hasło dodatkowe serii i opisu książki wielotomowej - tytuł ujednolicony/tytuł [ ,0]
    • a
    • Tytuł ujednolicony/tytuł (NP)
    • Studia i Materiały - Wyższa Szkoła Pedagogiczna w Olsztynie
    • x
    • ISSN
    • 0860-7273
    • v
    • Oznaczenie tomu (NP)
    • nr 35
    • 9
    • KHW
    • 57686
500 -Uwaga ogólna [ , ]
    • a
    • Uwaga ogólna (NP)
    • W serii gł.: nr 35.
504 -Uwaga dot. bibliogr. załącznikowej [ , ]
    • a
    • Uwaga dot. bibliografii załącznikowej
    • Bibliogr. i źródła urzędowe s. 90-96.
080 -Uniwersalna Klasyfikacja Dziesiętna [ , ]
    • a
    • Symbol klasyfikacji
    • 376.5(438)
080 -Uniwersalna Klasyfikacja Dziesiętna [ , ]
    • a
    • Symbol klasyfikacji
    • :316.346.3-053.6(438)
980 -Symbol UKD [ , ]
    • a
    • UKD
    • 376.5:316.346.3-053.6](438)
920 -ISBN [ , ]
    • a
    • ISBN
    • 83-85010-88-2 Find
Lokalizacja Data inwentaryzacji Status udost. Numer inwentarzowy
BG2003-06-04-2Pd.5935
BG2003-07-161Pd.15402